All Game Of Thrones Characters. - Statistics

General Stats
  • This quiz has been taken 389 times
  • The average score is 87 of 162
Answer Stats
Answer % Correct
Arya Stark
98%
Jon Snow
96%
Ned Stark
96%
Tyrion Lannister
96%
Sansa Stark
95%
Catelyn Stark
94%
Cersei Lannister
94%
Robb Stark
93%
Tywin Lannister
93%
Bran Stark
92%
Jon arryn
92%
Jaime Lannister
91%
Stannis Baratheon
90%
Viserys Targaryen
90%
Rickon Stark
89%
Robert Baratheon
89%
Joffrey Baratheon
87%
Theon Greyjoy
87%
Khal Drogo
86%
Tommen Baratheon
86%
Jorah Mormont
85%
Renly baratheon
85%
Margaery Tyrell
83%
Samwell Tarly
83%
Myrcella Baratheon
82%
Oberyn Martell
82%
Petyr Baelish
82%
Varys
82%
Olenna Tyrell
81%
Sandor Clegane
81%
Loras Tyrell
80%
Lyanna Stark
80%
Nymeria Sand
80%
Lysa Arryn
79%
Brienne of Tarth
78%
Yara greyjoy
78%
Gregor Clegane
77%
Maester Aemon Targaryen
77%
Ramsay Bolton
77%
Ellaria Sand
76%
Lancel Lannister
76%
Roose Bolton
76%
Benjen Stark
75%
Euron Greyjoy
75%
Lyanna Mormont
75%
Rhaegar Targaryen
75%
Obara Sand
74%
Aerys Targaryen
73%
Balon Greyjoy
73%
Jeor Mormont
73%
Tyene Sand
73%
Daenerys Targaryen
72%
Hot pie
72%
Greyworm
71%
Mace Tyrell
71%
Melisandre
71%
Missandei
71%
Robin Arryn
71%
Shireen Baratheon
71%
Thoros De Myr
71%
Edmure Tully
69%
Kevan Lannister
69%
Walder frey
69%
Talisa Stark
67%
Doran Martell
66%
Bronn
64%
Lady
64%
Ygritte
64%
Davos Seaworth
63%
Drogon
63%
Gendry
63%
Ghost
62%
Nymeria
62%
Podrick Payne
62%
Tormund Giantsbane
62%
Selyse Baratheon
61%
Brynden Tully
60%
Dickon Tarly
59%
Mance Rayder
59%
Hodor
58%
Trystane Martell
58%
Viserion
58%
Grand Maester Pycelle
57%
Shae
57%
Barristan Selmy
56%
Gilly
56%
Summer
56%
Jojen Reed
55%
Randyll Tarly
55%
Hoster Tully
53%
Jaqen H'ghar
53%
Rhaegal
53%
Meera Reed
52%
Osha
52%
Daario Naharis
51%
Night king
50%
Rickard Karstark
50%
Walda Frey
50%
Greywind
49%
Ros
48%
Ilyn Payne
47%
Maester Luwin
47%
Martyn Lannister
47%
Shaggydog
47%
Willem Lannister
47%
Alton Lannister
45%
High sparrow
45%
Alliser Thorne
44%
Beric Dandarrion
44%
Craster
42%
Qyburn
42%
Roslin Frey
41%
Olly
40%
Xaro Xhoan Daxos
38%
Grenn
36%
Meryn trant
36%
Janos Slynt
32%
Rodrik Cassel
32%
Syrio Forel
30%
Mirri Maz Duur
29%
Doreah
28%
Qhorin Halfhand
27%
Jory Cassel
26%
Three eyed raven
26%
Yoren
25%
Locke
24%
Septa Unella
24%
Wunwun
24%
Illyrio Mopatis
23%
Matthos Seaworth
23%
The Waif
23%
Eddison
22%
Irri
22%
Myranda
21%
Septa Mordane
21%
Karl Tanner
20%
Old nan
20%
Will
20%
Yohn Royce
20%
Polliver
19%
Lady Crane
17%
Rast
17%
Orell
16%
Hizdahr Zo Loraq
14%
Moro
14%
Brother Ray
13%
Pypar
13%
Salladhor
13%
Spice king
13%
Kraznys Mo Nakloz
12%
Rakharo
11%
Olyvar
9%
Styr
9%
Dagmer Cleftjaw
7%
Qotho
7%
Archmaester Ebrose
6%
Othell Yarwyck
6%
Rattleshirt
6%
Tycho Nestoris
5%
Razdal
3%
Yezzan
3%
Armeca
2%
No matching quizzes found
Score Distribution
Percent of People with Each Score
Percentile by Number Answered
Your Score History
You have not taken this quiz